Birth States of U.S. Presidents - Statistics

General Stats
  • This quiz has been taken 134 times
  • The average score is 17 of 21
Answer Stats
Presidents State % Correct
8 Virginia
97%
1 California
96%
5 New York
95%
7 Ohio
94%
2 Texas
91%
4 Massachusetts
88%
1 Illinois
86%
2 Pennsylvania
86%
2 Vermont
85%
1 Georgia
84%
2 North Carolina
84%
1 New Hampshire
83%
1 Hawaii
82%
1 Connecticut
76%
1 New Jersey
74%
1 South Carolina
74%
1 Arkansas
70%
1 Kentucky
70%
1 Iowa
62%
1 Missouri
57%
1 Nebraska
55%
No matching quizzes found
Score Distribution
Percent of People with Each Score
Percentile by Number Answered
Your Score History
You have not taken this quiz